En el surco que traza el otro /

Furkejuvvon:
Bibliográfalaš dieđut
Váldodahkki: Perdomo Orellana, José Luis (autor)
Materiálatiipa: Girji
Giella:espánnjágiella
Almmustuhtton: México : Ediciones de Comunicación : Consejo Nacional para la Enseñanza y la Investigación de las Ciencias de la Comunicación, 1987, c1987
Fáddágilkorat: Lasit fáddágilkoriid
Eai fáddágilkorat, Lasit vuosttaš fáddágilkora!

MARC

LEADER 00000nam^a2200000^a^4500
001 000589163
005 20250521000000.0
009 20260310132844.175
020 |a 968-7037-30-X 
037 |a Acervo ITESO - Biblioteca 
041 |a ESP 
091 |a FCR. 00438 
100 |a Perdomo Orellana, José Luis  |e (autor) 
245 1 0 |a En el surco que traza el otro / 
264 4 |a México :  |b Ediciones de Comunicación :  |b Consejo Nacional para la Enseñanza y la Investigación de las Ciencias de la Comunicación,  |c 1987, c1987 
300 |a 98 p. 
336 |a texto  |b txt  |2 rdacontenido 
337 |a sin mediación  |b n  |2 rdamedio 
338 |a volumen  |b nc  |2 rdasoporte 
649 |a XX 
910 |a Fondo Cristina Romo Gil 
920 |a Impresos - Libros 
930 |a Fondos Especiales 
905 |a 143 
901 |a 1100031106  |b IT2  |c ESP  |i D122596  |u 20250521 
902 |a https://opac.biblio.iteso.mx/vufind/Record/000589163